La famille Weasley - Statistiques

Statistiques générales
  • Ce quiz a été pris 84 fois
  • Le résultat moyen est 13 sur 21
Statistiques - réponses
Indices Personnages % Correct
C'est la maman que tout le monde voudrait avoir. Molly
100%
Comme on dit: "Girls Power" ! Ginny
92%
Il est la victime de Fenrir Greyback. Bill
87%
Le plus vieille enfant de Ginny et Harry. James Sirius
87%
Faciné par les moldus. Arthur
84%
Pourquoi tu es mort! Fred
79%
Malheureusement enlever des films. Charlie
78%
Jamais un sans l'autre. George
73%
Deux ans de moins que sont frère, elle a très hâte d'aller à Poudlard. Lily Luna
73%
Maladroit et un peut bizarre il est le bras droit de... Ron
70%
Fils difficile à comprendre. Albus Severus
62%
Il a mit sa confiance en la mauvaise personne. Percy
57%
Autre fille de Bill et Fleur. Victoire
57%
Jeune fille plein d’ambition. Rose
54%
Fille de Fleur et Bill. Dominique
51%
Elle a le même nom que sa grand-mère. Molly II
49%
Seul fille de George et Angelina. Roxanne
43%
C'est pour honoré quelqun de mort qu'il se nomme ansi. Fred II
41%
Fils avec sang de vélane. Louis
38%
Fille de Percy et Audrey. Lucy
33%
Un des seuls sang-mele de la famille Weasley. Hugo
32%
Aucun quiz correspondant
Distribution des résultats
% des personnes avec chaque résultat
Percentile par nombre de réponses
Votre historique - résultats
Vous n’avez pas pris ce quiz